| 000 | 01091nam a22002897a 4500 | ||
|---|---|---|---|
| 005 | 20240920133123.0 | ||
| 007 | cr |||aaa||||| | ||
| 008 | 240920s2022 mx|a|||br|||| 000 j spa d | ||
| 020 | _a9786073059862 | ||
| 040 |
_aMX-MxUPN _bspa _eaacr2 _cMX-MxUPN |
||
| 041 | 1 |
_aspa _hrus |
|
| 050 | 4 |
_aPZ66.3 _bY48 |
|
| 100 | 1 |
_949926 _aYerchoff, Piotr Pavlovich, _d1815-1869 |
|
| 245 | 1 | 3 |
_aEl caballito jorobado _h[recurso electrónico en línea] |
| 250 | _aPrimera edición facsimilar | ||
| 260 |
_aCiudad de México : _bUniversidad Nacional Autónoma de México, _c2022 |
||
| 300 |
_a1 recurso en línea (27 páginas) : _bilustraciones, PDF |
||
| 490 | 0 | _aBiblioteca de chapulín | |
| 506 | 0 | _aAcceso abierto. | |
| 650 | 0 |
_9234 _aAnimales _vCuentos y leyendas |
|
| 650 | 7 |
_913099 _aCuentos infantiles rusos |
|
| 700 | 1 |
_934886 _aBeloff, Angelina, _d1879-1969 _eilustración _etranscripción |
|
| 700 | 1 |
_913832 _aCueto, Germán, _d1893-1975 _etranscripción |
|
| 856 | 4 | 0 | _uhttps://doi.org/10.22201/dgpfe.9786073059862p.2022 |
| 902 | _aVíctorGodínez/200924 | ||
| 942 |
_2lcc _cLIBRO-E |
||
| 999 |
_c211761 _d211761 |
||